| 000 | 00734nam a2200193 a 4500 | ||
|---|---|---|---|
| 001 | 000047726 | ||
| 005 | 20201002060712.0 | ||
| 008 | 180724s2015 dr ac 000 0 spa d | ||
| 020 | _a9789945167092 | ||
| 040 |
_aDO-SdBNP _bspa _cBNPHU |
||
| 082 |
_axxxx _bC352h |
||
| 100 | 1 |
_aCastillo Drullard, Pedro Héctor _911757 |
|
| 245 | 1 | 0 |
_aHistoria del Centro de Estudios José Reyes / _cPedro Héctor Castillo Drullard ; prólogo José Nicolás Almánzar García. |
| 260 |
_aSanto Domingo : _bBúho, _c2015. |
||
| 300 |
_a148 p. : _bil., retrs. ; _c22 cm. |
||
| 500 | _aIncluye datos biográficos del autor en la contracubierta. | ||
| 590 | _aInventariado, 2018/LP | ||
| 700 | 1 |
_aAlmánzar García, José Nicolás Almánzar, _epról. _975330 |
|
| 999 |
_c47214 _d47214 |
||